000 00688nam a2200241 a 4500
003 MX-MxUPN
005 20220629150100.0
008 171017s2008 es a r 000 0 spa d
020 _a9788467531732
035 _aUPN01000221008
040 _aMX-MxUPN
_bspa
_cMX-MxUPN
041 0 _aspa
050 1 4 _aPQ6575 A6
_bD6.6c
100 1 _aZorrilla, José,
_d1817-1893
_930370
245 1 0 _aDon Juan Tenorio
260 _aMadrid :
_bSM,
_c2008.
300 _a32 páginas :
_bilustraciones a color.
650 4 _aTeatro español
_95149
700 1 _aOro, Begoña
_945149
_eguionista
700 1 _aPérez Pérez, Abraham,
_d1980-
_945150
_eilustrador
905 _aLibro
999 _c193107
_d193107